00371nam a2200157Ia 4500008004100000020001500041082001800056100001700074245002000091250000600111260002300117300001900140500002400159650001300183700001700196230524s9999 xx 000 0 und d a818842952X a620.4523bKAN aP. Kannaiah  0aWorkshop Manual a1 aNew DelhibScitech a"12.1, 12.4p;" aQuantity Number: 1 aWorkshop aK.L.Narayana